Normal view MARC view

Entry Topical Term

Number of records used in: 1

001 - CONTROL NUMBER

  • control field: 727625

003 - CONTROL NUMBER IDENTIFIER

  • control field: OSt

005 - DATE AND TIME OF LATEST TRANSACTION

  • control field: 20241129110250.0

008 - FIXED-LENGTH DATA ELEMENTS

  • fixed length control field: 241129|| aca||aabn | a|a d

040 ## - CATALOGING SOURCE

  • Original cataloging agency: OSt
  • Transcribing agency: OSt

150 ## - HEADING--TOPICAL TERM

  • Topical term or geographic name entry element: Library ScienceResearch

670 ## - SOURCE DATA FOUND

  • Source citation: Work cat.: (OSt)1227955: Rajesh Singh Ed.; Sukula Shiva Kanaujia Ed. 727624, Library and research ecosystem management framework and advoccy, 2024
Copyright @ Delhi University Library System